000 00305nam a22001337a 4500
008 171031b xxu||||| |||| 00| 0 eng d
020 _a9780132147712
041 _aeng
080 _29TH
_a33
100 _a59
101 _aBUS
245 _aGUIDE TO MANAGERIAL COMMUNICATION
_cMUNTER,M
942 _2udc
_cBK
999 _c36890
_d36890